Mapuches I : la fuerza de la tierra /

La historia argentina desde el punto de vista del pueblo mapuche. Cómo fueron perdiendo su territorio y qué implica para su cosmovisión ser despojado de su entorno. La relación que hay entre lo que son como che (persona) y los diferentes elementos que componen su entorno. Para ellos, la problemática...

Descripción completa

Guardado en:
Autor Principal: Rousso, Julián
Autor Corporativo: Canal Encuentro.
Formato: Deslizar
Publicado: Argentina, 2007
Series:Pueblos Originarios I
Materias:
Acceso en línea:https://www.educ.ar/recursos/50518/mapuches-i-la-fuerza-de-la-tierra
Etiquetas: Agregar Etiqueta
Sin Etiquetas, Sea el primero en etiquetar este registro!
LEADER 01255ngm a22003015g 4500
001 CEM.cems023993
008 130507s2007##################0###0#####d
005 20250804195606.0
245 1 0 |a Mapuches I :  |b la fuerza de la tierra /  |c Julián Rousso. 
260 |a Argentina,  |c 2007 
300 |a 28'. 
490 0 |a Pueblos Originarios I 
538 |a Soporte: DVD - Grabación DRD 
520 |a La historia argentina desde el punto de vista del pueblo mapuche. Cómo fueron perdiendo su territorio y qué implica para su cosmovisión ser despojado de su entorno. La relación que hay entre lo que son como che (persona) y los diferentes elementos que componen su entorno. Para ellos, la problemática territorial no es solo un tema político y económico. 
500 |a Consultar en ventanilla. 
100 1 |a Rousso, Julián 
710 2 |a Canal Encuentro. 
082 3 0 |/ ROU-1 
653 |a SOCIEDAD 
653 |a PUEBLOS ORIGINARIOS 
653 |a ABORIGENES 
653 |a INDIGENAS 
653 |a INDIGENISMO 
653 |a ETNIAS 
653 |a MAPUCHES 
653 |a SERIE DE TELEVISIÓN 
856 |u https://www.educ.ar/recursos/50518/mapuches-i-la-fuerza-de-la-tierra 
859 |a CEMS  |b BIB. CEMS - Depto. Recursos Didacticos  |h 301  |i ROU-1  |k DRD  |p 2636.16  |t Ej.1